| 000 | 00743nam a22002297a 4500 | ||
|---|---|---|---|
| 999 |
_c1307 _d1307 |
||
| 001 | 1307 | ||
| 003 | BD-JhCC | ||
| 005 | 20171019165207.0 | ||
| 008 | 171017s2009 bg |||| |||| 000 0 ben d | ||
| 020 | _a9847015600471 | ||
| 035 | _a(BD-JhCC)1307 | ||
| 040 |
_aBD-JhCC _dBD-JhCC |
||
| 041 | _aben | ||
| 082 |
_a942.095492 _bALA 2009 |
||
| 100 | _a আলম, ওহীদুল | ||
| 245 |
_aবাংলা জীবনীকোষ / _cওহীদুল আলম সম্পাদনায় ড. মাহবুবুল হক |
||
| 300 |
_a৩৬০ পৃ. : _c২২ সেমি. |
||
| 650 | _aGlossary of Personalities | ||
| 700 | _aহক,ড. মাহবুবুল | ||
| 942 |
_2ddc _cBK |
||